Best Soccer Players of 2015-16 - Statistics

General Stats
  • This quiz has been taken 1,354 times
  • The average score is 38 of 50
Answer Stats
# Club Country Footballer % Correct
2 Real Madrid Portugal Cristiano Ronaldo
100%
1 FC Barcelona Argentina Lionel Messi
100%
3 FC Barcelona Uruguay Luis Suarez
99%
5 FC Barcelona Brazil Neymar Jr.
99%
12 Real Madrid Wales Gareth Bale
96%
4 Bayern Munich Netherlands Arjen Robben
93%
7 Chelsea Belgium Eden Hazard
92%
16 Real Madrid Croatia Luka Modric
92%
10 Manchester City Argentina Sergio Aguero
92%
15 FC Barcelona Spain Andres Iniesta
90%
9 Real Madrid Colombia James Rodriguez
90%
11 Arsenal Chile Alexis Sanchez
89%
8 Juventus France Paul Pogba
89%
14 Bayern Munich Germany Thomas Muller
88%
6 Bayern Munich Germany Manuel Neuer
86%
24 Paris Saint-Germain Sweden Zlatan Ibrahimovic
86%
21 Real Madrid Germany Toni Kroos
85%
17 FC Barcelona Spain Gerard Pique
84%
29 Bayern Munich Poland Robert Lewandowski
84%
27 Manchester City Belgium Kevin de Bruyne
82%
23 Real Madrid France Karim Benzema
80%
26 Borussia Dortmund Germany Marco Reus
80%
22 Bayern Munich Chile Arturo Vidal
78%
33 Real Madrid Spain Sergio Ramos
78%
34 FC Barcelona Croatia Ivan Rakitic
76%
35 Arsenal Germany Mesut Ozil
76%
32 Paris Saint-Germain Brazil Thiago Silva
76%
37 Manchester City Spain David Silva
74%
13 FC Barcelona Spain Sergio Busquets
73%
36 Paris Saint-Germain Argentina Angel di Maria
72%
25 Juventus Italy Gianluigi Buffon
71%
47 Bayern Munich Austria David Alaba
70%
18 Bayern Munich Germany Philip Lahm
70%
20 Atletico Madrid Uruguay Diego Godin
69%
42 Atletico Madrid France Antoine Griezmann
68%
28 Manchester United Spain David de Gea
68%
19 FC Barcelona Argentina Javier Mascherano
68%
49 Wolfsburg Switzerland Richardo Rodriguez
68%
44 Manchester United England Wayne Rooney
68%
39 FC Barcelona Brazil Dani Alves
67%
46 Borussia Dortmund Germany Mats Hummels
63%
31 Chelsea Belgium Thibaut Courtois
63%
43 Bayern Munich Germany Jerome Boateng
62%
30 Chelsea Spain Diego Costa
59%
40 Boca Juniors Argentina Carlos Tevez
56%
38 Chelsea Spain Cesc Fabregas
54%
50 Atletico Madrid Spain Koke
51%
48 Chelsea Serbia Nemanja Matic
50%
41 Real Madrid Spain Isco
45%
45 Bayern Munich Germany Mario Gotze
41%
No matching quizzes found
Score Distribution
Percent of People with Each Score
Percentile by Number Answered
Your Score History
You have not taken this quiz